Top 10 du ballon d'or 2000. - Statistiques

Statistiques générales
  • Ce quiz a été pris 120 fois
  • Le résultat moyen est 7 sur 11
Statistiques - réponses
Points Joueurs Clubs % Correct
181 Zinedine Zidane Juve
93%
197 Luis Figo Barca/ Real
92%
57 Thierry Henry Arsenal
90%
39 Rivaldo Barca
75%
10 Paolo Maldini Milan
70%
10 David Beckham Man United
66%
18 Raul Real
64%
85 Andriy Shevchenko Milan
62%
26 Gabriel Batistuta Fiorentina
50%
39 Alessandro Nesta Lazio
36%
22 Gaizka Mendieta Valence
15%
Aucun quiz correspondant
Distribution des résultats
% des personnes avec chaque résultat
Percentile par nombre de réponses
Votre historique - résultats
Vous n’avez pas pris ce quiz